| 000 | 00597nam a22002057a 4500 | ||
|---|---|---|---|
| 003 | BJBSDDR | ||
| 005 | 20260407124257.0 | ||
| 007 | ta | ||
| 008 | 260407s2004 ||||| |||| 00| 0 spa d | ||
| 020 | _a7706894223015 | ||
| 040 |
_bspa _cBJBSDDR |
||
| 041 | _aspa | ||
| 050 | _bK94 2004 | ||
| 100 | 1 |
_aKrugman, Paul R. _q(Paul Robin), _d1953- _92480 |
|
| 245 | 1 | 3 |
_aEl gran resquebrajamiento : _bcómo hemos perdido el rumbo en el nuevo siglo / _cPaul R. Krugman |
| 260 |
_aBogotá, Colombia : _bNorma, _c2004 |
||
| 300 |
_a 397 páginas ; _c 23 cm |
||
| 942 |
_2lcc _n0 _cBK |
||
| 946 | _icmc | ||
| 999 |
_c126750 _d126750 |
||